000 00306nam a22001337a 4500
020 _a818269592-9
082 _a001
_bBHA/GK
100 _aBHATT, TANU
245 _aGK: UPDATE YOURSELF
260 _aDELHI
_bBLACK ROSE PUBLICATIONS
_c2009
300 _a240
650 _aGENERAL KNOWLEDGE
_zINDIA
942 _cBK
999 _c6300
_d6300